| 000 | 00599nam a2200205 a 4500 | ||
|---|---|---|---|
| 005 | 20230519063624.0 | ||
| 008 | 010912s1999 r 000 0 eng d | ||
| 020 | _a9582004908 | ||
| 035 | _aUPN01000111405 | ||
| 049 | _aCG | ||
| 050 | 4 |
_aLB1027 _bT3.2 |
|
| 100 | 1 | _aTamayo Valencia, Alfonso | |
| 245 | 1 | 0 |
_aCómo identificar formas de enseñanza / _cAlfonso Tamayo Valencia. |
| 260 |
_aSanta Fé de Bogotá : _bMagisterio, _c1999. |
||
| 300 | _a123 p. | ||
| 440 | 0 |
_aMesa redonda ; _v77 |
|
| 650 | 4 |
_aInnovaciones educativas _9386 |
|
| 650 | 4 |
_aEducación _xMetodología _912791 |
|
| 905 | _aLibro | ||
| 999 |
_c85313 _d85313 |
||